Une lettre suffit pour répondre juste #20 (attention 10 lettres tuent) - Statistiques

Statistiques générales
  • Ce quiz a été pris 97 fois
  • Le résultat moyen est 2 sur 6
Statistiques - réponses
Hint Réponse % Correct
Donne une des 5 lettres de la capitale de l'Australie-Occidentale PERTH
100%
Donne une des 4 lettres du nom de ce rappeur français
VALD
89%
Donne une des 3 lettres du nom de famille du footballeur français prénommé Didier qui a gagné l'Euro 1984
SIX
38%
Donne une des 2 lettres du titre que Philippe Katerine a interprété devant le monde entier le 26 juillet 2024 à l'ouverture des JO de Paris
NU
13%
Donne la lettre qui complète le nom sous lequel est connu cette spice girl en image : Mel ?
B
3%
Donne la lettre qui etait le pseudonyme de Quentin Elias (leader du groupe Alliage) lors de ses prestations dans des films pornographiques gays Q
3%
Aucun quiz correspondant
Distribution des résultats
% des personnes avec chaque résultat
Percentile par nombre de réponses
Votre historique - résultats
Vous n’avez pas pris ce quiz